Statistics for One Piece General Knowledge

Click here to take the quiz!

General Stats

  • This quiz has been taken 5,416 times
  • The average score is 12 of 16

Answer Stats

HintAnswer% Correct
Three-sword-style userRoronoa Zoro
99%
Nefeltari Vivi, princess of...Alabasta
94%
Dreams of finding the Rio PoneglyphNico Robin
92%
Blackbeard's nameMarshall D. Teach
90%
Sawshark FishmanArlong
89%
First ship of the Strawhat PiratesGoing Merry
87%
Ocean-going restaurant in East BlueBaratie
79%
Island Whale at the bottom of Reverse MountainLaboon
75%
Formerly named Cutty FlamFranky
71%
Town where Gol D. Roger was born and executedLoguetown
70%
10,000 metres below the Red LineFishman Island
68%
Giant ship owned by Gekko MoriahThriller Bark
67%
Used to navigate through the Grand LineLog Pose
63%
Soap Human, eater of the Bubble Bubble FruitKalifa
59%
Okama KingEmporio Ivankov
53%
How to get up to SkypeiaKnock Up Stream
41%

Score Distribution

Percentile by Number Answered

Percent of People with Each Score

Your Score History

You have not taken this quiz